Länder Der Welt Beginnend Mit R, S und T - Statistiken

Allgemein
  • Dieses Quiz wurde 349 mal gespielt
    340 seit der letzten Aktualisierung
  • Das Durchschnittsergebnis liegt bei 36 aus 44
Antworten auf der Karte
Die Antworten werden auf der Karte rot bzw. grün angezeigt, abhängig davon wie oft sie richtig erraten wurden.
 
Antwortstatistiken
Antwort % Korrekt
Ruanda
96%
Schweden
96%
Russland
93%
Rumänien
91%
Spanien
91%
Sambia
90%
Türkei
90%
Südkorea
89%
Serbien
88%
Slowakei
88%
Somalia
88%
Sudan
88%
Turkmenistan
88%
Schweiz
87%
Slowenien
86%
Senegal
85%
Südafrika
85%
Südsudan
85%
Togo
85%
Tansania
84%
Tunesien
84%
Simbabwe
83%
Saudi-Arabien
82%
Tadschikistan
82%
Suriname
81%
Syrien
81%
St. Lucia
80%
St. Vincent und die Grenadinen
80%
Seychellen
79%
Samoa
78%
Singapur
78%
St. Kitts und Nevis
78%
Sri Lanka
77%
Tonga
76%
Trinidad und Tobago
76%
Tuvalu
76%
Thailand
74%
Tschad
74%
Salomonen
73%
San Marino
73%
Taiwan
72%
São Tomé und Príncipe
70%
Tschechien
70%
Sierra Leone
68%
Keine übereinstimmenden Quizze gefunden
Verteilung der Resultate
Anzahl Personen mit jedem Resultat
Perzentil nach korrekt beantworteten Fragen
Ihre Resultats-Entwicklung
Sie haben dieses Quiz seit der letzten Aktualisierung nicht gespielt